| 000 | 02383cam a22004577a 4500 | ||
|---|---|---|---|
| 003 | CHAP | ||
| 005 | 20220329133319.0 | ||
| 008 | 971013s1991 r 00010 d | ||
| 010 | _a4761 | ||
| 011 | _a5733 | ||
| 035 | _a4948 | ||
| 040 | _cCHAP | ||
| 082 |
_a312.0972 _bM49c 1990 Mor. |
||
| 110 |
_aInstituto Nacional de Estadística, Geografía e Informática. México _959304 |
||
| 245 | 0 | _aCenso general de población y vivienda (11o.) 1990: Morelos : resultados definitivos | |
| 260 |
_aAguascalientes, Ags. : _bEl Instituto, _c1991 |
||
| 300 | _av. | ||
| 500 | _aLa biblioteca tiene : v.1 Resultados definitivos -- v.2 Integración territorial -- v.3 Datos por AGEB urbana -- v.4 Datos por AGEB urbana (41 mapas) --v.5 Perfil sociodemográfico -- v.6 Síntesis de resultados | ||
| 590 |
_aBATCH-UPD _b10 _c20130110 _lUCH01 _h0207 |
||
| 590 |
_aBATCH-UPD _b10 _c20130110 _lUCH01 _h2122 |
||
| 590 |
_aBATCH-UPD _b10 _c20130410 _lUCH01 _h1432 |
||
| 590 |
_aBATCH-UPD _b10 _c20130914 _lUCH01 _h1822 |
||
| 590 |
_aCONVERSION _b10 _c20130109 _lUCH01 _h1304 |
||
| 650 | 1 | 4 |
_aMéxico _xCensos (1990) _976661 |
| 650 | 1 | 4 |
_aPoblación _xEstadísticas _zMorelos. _989389 |
| 650 | 1 | 4 |
_aVivienda _xMorelos. _9120137 |
| 901 | _aBK | ||
| 942 | _cLIBRO | ||
| 949 |
_a312.0972 M48 1990 Mor. v.1 _bBC _cINEGI _d-109050 _eINEGI _fPte. 1 c.2 _h89159 _i4948 _si |
||
| 949 |
_a312.0972 M48 1990 Mor. _bBC _cINEGI _d33724000467114 _eINEGI _fv.1 c.3 _h89158 _i4948 _sb |
||
| 949 |
_a312.0972 M49c 1990 Mor. _bBC _cESP _d-332740 _eESP _fv.4 mapas _h84724 _i4948 _si |
||
| 949 |
_a312.0972 M49c 1990 Mor. _bBC _cINEGI _d-75303 _eINEGI _fv.2 _h84723 _i4948 _si |
||
| 949 |
_a312.0972 M49c 1990 Mor. _bBC _cINEGI _d33724000486221 _eINEGI _fv.6 _h88858 _i4948 _si |
||
| 949 |
_a312.0972 M49c 1990 Mor. _bBC _cINEGI _d33724000486239 _eINEGI _fv.3 c.2 _h84724 _i4948 _si |
||
| 949 |
_a312.0972 M49c 1990 Mor. _bBC _cINEGI _d33724000486247 _eINEGI _fv.1 c.2 _h89159 _i4948 _si |
||
| 949 |
_a312.0972 M49c 1990 Mor. _bBC _cINEGI _d33724000486460 _eINEGI _fv.5 c.3 _h89156 _i4948 _si |
||
| 949 |
_a312.0972 M49c 1990 Mor. _bBC _cINEGI _d33724000486569 _eINEGI _fv.5 c.2 _h89155 _i4948 _si |
||
| 949 |
_a312.0972 M49c 1990 Mor. _bBC _cINEGI _d33724000535795 _eINEGI _fv.5 _h84801 _i4948 _si |
||
| 949 |
_a312.0972 M49c 1990 Mor. _bBC _cINEGI _d33724000535803 _eINEGI _fv.3 _h80306 _i4948 _si |
||
| 949 |
_a312.0972 M49c 1990 Mor. _bBC _cINEGI _d33724000536454 _eINEGI _fv.1 _h80305 _i4948 _si |
||
| 999 |
_c4761 _d4761 |
||